Vương quốc Phù Nam Lịch sử và văn hoá : Sách tham khảo
Lịch sử hình thành, phát triển và tồn tại của vương quốc Phù Nam trong bối cảnh lịch sử Nam Bộ thời tiền sử và cổ sử. Đặc điểm văn hoá lịch sử của Phù Nam qua các cứ liệu khảo cổ học và thư tịch cổ Trung Quốc
Enregistré dans:
| Auteur principal: | |
|---|---|
| Format: | Livre |
| Langue: | Vietnamese |
| Publié: |
H.
Văn hoá Thông tin ; Viện Văn hoá
2005
|
| Sujets: | |
| Tags: |
Ajouter un tag
Pas de tags, Soyez le premier à ajouter un tag!
|
| Thư viện lưu trữ: | Mạng thư viện Đại học Đà Nẵng |
|---|
| LEADER | 01535aam a22003738a 4500 | ||
|---|---|---|---|
| 001 | 000015471 | ||
| 003 | 11851 | ||
| 005 | 20120529080555.0 | ||
| 008 | 120529s2005 viesd | ||
| 020 | |c 47000đ |d 500b | ||
| 041 | |a vie | ||
| 082 | 1 | 4 | |2 14 |a 959.7 |b LƯ-N |
| 084 | |a P3(1)3-7 | ||
| 084 | |b V000Q | ||
| 100 | 0 | |a Lương Ninh | |
| 245 | |a Vương quốc Phù Nam |b Lịch sử và văn hoá : Sách tham khảo |c Lương Ninh | ||
| 260 | |a H. |b Văn hoá Thông tin ; Viện Văn hoá |c 2005 | ||
| 300 | |a 304tr.; 4 tr. ảnh |c 21cm | ||
| 504 | |a Phụ lục: tr. 197-292. - Thư mục: tr.293 | ||
| 520 | |a Lịch sử hình thành, phát triển và tồn tại của vương quốc Phù Nam trong bối cảnh lịch sử Nam Bộ thời tiền sử và cổ sử. Đặc điểm văn hoá lịch sử của Phù Nam qua các cứ liệu khảo cổ học và thư tịch cổ Trung Quốc | ||
| 650 | 7 | |2 Bộ TK TVQG |a Lịch sử cổ đại | |
| 650 | 7 | |2 Bộ TK TVQG |a Văn hoá | |
| 651 | 7 | |2 Bộ TK TVQG |a Việt Nam | |
| 653 | |a Vương quốc Phù Nam | ||
| OWN | |a LSP | ||
| AVA | |a UDN50 |b LSP |d 959.7 LƯ-N |e available |t Error 5001 Not defined in file expand_doc_bib_avail. |f 1 |g 0 |h N |i 0 |k 1 | ||
| 999 | |a From the UDN01 | ||
| AVA | |a UDN50 |b LSP |d 959.7 LƯ-N |e available |t Error 5001 Not defined in file expand_doc_bib_avail. |f 1 |g 0 |h N |i 0 |k 1 | ||
| TYP | |a Monograph | ||
| TYP | |a Printed language | ||
| 980 | |a Mạng thư viện Đại học Đà Nẵng | ||